El secado de sólidos en la industria quimica

Bibliographic Details
Main Authors: Nonhebel, G., Moss, A.A
Format: Section = Libro
Language:Undetermined
Spanish
Published: Barcelona Reverté 1979
Subjects:
LEADER 00499nam a2200193Ia 4500
008 240830s9999 xx 000 0 und d
020 |a 84-291-7966-6 
040 |a CEDOC FIQ-RUSB / 660.28426 N812 
041 |a spa 
082 |a 660.28426 N812 
100 1 |a Nonhebel, G. 
100 1 |b Moss, A.A 
245 1 0 |a El secado de sólidos en la industria quimica 
260 |a Barcelona  |b Reverté  |c 1979 
300 |a 354 p. : il 
650 7 |a INDUSTRIA QUIMICA 
942 |c BK  |2 ddc 
991 |a TEXTO 
999 |c 13463